Database marketing : the ultimate marketing tool
| Corporate Author: | |
|---|---|
| Format: | Book |
| Published: |
New York :
McGraw-Hill ,
c1993.
|
| Subjects: |
MARC
| LEADER | 00000cam a2200000 7i4500 | ||
|---|---|---|---|
| 001 | 0000001113 | ||
| 005 | 20071204093000.0 | ||
| 008 | 021118n | ||
| 020 | |a 0070460639 | ||
| 090 | 0 | 0 | |a HF5415.125 |b .N37 1993 |
| 110 | 0 | |a Nash, Edward L. |e author | |
| 245 | 0 | 0 | |a Database marketing : |b the ultimate marketing tool |c Edward L. Nash |
| 260 | 2 | |a New York : |b McGraw-Hill , |c c1993. | |
| 300 | |a xix, 289 p. ; ; |c 24 cm. | ||
| 504 | |a Includes index | ||
| 650 | 0 | |a Database management | |
| 650 | 0 | |a Marketing |x Databases | |
| 999 | |a 1000000193 |b Book |c OPEN SHELF (30 DAYS) |e Gong Badak Campus | ||